|
|
|
|
| LEADER |
00000nam0a2200000 4500 |
| 001 |
200289 |
| 005 |
20231101224938.0 |
| 010 |
|
|
|a 9785940105336
|
| 035 |
|
|
|a (RuTPU)RU\TPU\book\218354
|
| 035 |
|
|
|a RU\TPU\book\78277
|
| 035 |
|
|
|a RU\TPU\book\218354
|
| 090 |
|
|
|a 200289
|
| 100 |
|
|
|a 20050215d2011 m y0rusy50 ca
|
| 101 |
0 |
|
|a rus
|
| 102 |
|
|
|a RU
|
| 105 |
|
|
|a a j 001zy
|
| 200 |
1 |
|
|a Теория и расчет оптико-электронных приборов
|e учебник для вузов
|f Ю. Г. Якушенков
|
| 205 |
|
|
|a 6-е изд., перераб. и доп.
|
| 210 |
|
|
|a Москва
|c Логос
|d 2011
|
| 215 |
|
|
|a 566 с.
|c ил.
|
| 300 |
|
|
|a Учебник удостоен премии Правительства Российской Федерации в области науки и техники.
|
| 320 |
|
|
|a Библиогр.: с. 564-566.
|
| 330 |
|
|
|a Изложены физические основы построения оптико-электронных приборов (ОЭП). Описаны типовые узлы системы первичной обработки информации ОЭП: источники и приемники оптического излучения, оптическая система, анализаторы изображения, сканирующие системы, модуляторы. Рассмотрены основы общей теории приема сигналов приметров и характеристик типовых узлов системы первичной обработки информации оптико-электронного прибора с точки зрения оптимального их согласования между собой. В отличие от 5-го издания во введение и четвертый раздел включены данные о новых оптических материалах, появившихся в последние годы, а в пятом разделе приведены сведения о перспективных многоэлементных приемниках излучения. Для студентов высших учебных заведений, обучающихся по направлению 200200 — "Оптотехника". Представляет интерес для специалистов, занимающихся проектированием ОЭП различного назначения.
|
| 451 |
|
1 |
|0 (RuTPU)RU\TPU\book\78277
|y 5-94010-325-1
|t Теория и расчет оптико-электронных приборов
|o учебник для вузов
|f Ю. Г. Якушенков
|e 5-е изд., перераб. и доп.
|c М.
|n Логос
|d 2004
|p 470 с.
|s Новая университетская библиотека
|a Якушенков, Юрий Григорьевич
|
| 606 |
1 |
|
|a Оптико-электронные приборы
|2 stltpush
|3 (RuTPU)RU\TPU\subj\71093
|9 85150
|
| 610 |
1 |
|
|a определения
|
| 610 |
1 |
|
|a физические основы
|
| 610 |
1 |
|
|a сигналы
|
| 610 |
1 |
|
|a помехи
|
| 610 |
1 |
|
|a оптические излучения
|
| 610 |
1 |
|
|a распространение
|
| 610 |
1 |
|
|a приемники
|
| 610 |
1 |
|
|a изображения
|
| 610 |
1 |
|
|a анализаторы
|
| 610 |
1 |
|
|a сканирование
|
| 610 |
1 |
|
|a модуляция
|
| 610 |
1 |
|
|a демодуляция
|
| 610 |
1 |
|
|a обобщенные структурные схемы
|
| 610 |
1 |
|
|a фильтрация
|
| 610 |
1 |
|
|a расчеты
|
| 610 |
1 |
|
|a точность
|
| 610 |
1 |
|
|a оптические сигналы
|
| 610 |
1 |
|
|a прием
|
| 610 |
1 |
|
|a адаптация
|
| 610 |
1 |
|
|a энергетические расчеты
|
| 610 |
1 |
|
|a точностные расчеты
|
| 610 |
1 |
|
|a учебники
|
| 675 |
|
|
|a 621.383.001(075.8)
|v 3
|
| 700 |
|
1 |
|a Якушенков
|b Ю. Г.
|g Юрий Григорьевич
|
| 801 |
|
1 |
|a RU
|b 63413507
|c 20110904
|
| 801 |
|
2 |
|a RU
|b 63413507
|c 20150611
|g RCR
|
| 900 |
|
|
|a Оптоэлектроника
|
| 942 |
|
|
|c BK
|
| 951 |
|
|
|b 200400
|
| 959 |
|
|
|a 73/20110904
|d 2
|e 749,00
|f ЧЗТЛ:1
|f АНЛ:1
|